MARC

LEADER 00000nam0a2200000 4500
001 73393
005 20250211063204.0
035 |a (RuTPU)RU\TPU\book\78318 
035 |a RU\TPU\book\78314 
090 |a 73393 
100 |a 20050215d1993 k y0rusy50 ca 
101 0 |a rus 
102 |a RU 
105 |a a z 001zy 
200 1 |a Материалы и элементы электронной техники и электротехники  |f Московский энергетический институт (Технический университет) (МЭИ(ТУ)) ; гл. ред. В. А. Филиков 
210 |a Москва  |c Изд-во МЭИ  |d 1993 
215 |a 134 с.  |c ил. 
225 1 |a Труды Московского энергетического института (МЭИ)  |v Вып. 667 
320 |a Библиогр. в конце статей 
500 1 0 |a Труды Московского энергетического института  |9 88841 
606 1 |a Электронное материаловедение  |2 stltpush  |3 (RuTPU)RU\TPU\subj\20416  |9 45522 
606 1 |a Электротехнические изделия  |2 stltpush  |3 (RuTPU)RU\TPU\subj\20944  |9 46004 
610 1 |a материалы 
610 1 |a элементы 
610 1 |a электротехника 
610 1 |a расчет 
610 1 |a сборники 
675 |a 621.3.002.6  |v 3 
675 |a 621.38.002.3  |v 3 
702 1 |a Филиков  |b В. А.  |4 651 
712 0 2 |a Московский энергетический институт (Технический университет) (МЭИ(ТУ))  |3 (RuTPU)RU\TPU\col\122 
801 1 |a RU  |b 63413507  |c 20050215  |g PSBO 
801 2 |a RU  |b 63413507  |c 20210405  |g PSBO 
942 |c BK